000 01750cam a22004097i 4500
001 18511581
003 BD-DhSAU
005 20240128153425.0
008 150302t20152015flua b 001 0 eng d
020 _a9781482225921
020 _a9780429159640
020 _a1482225921
040 _aBD-DhSAU
082 0 0 _a636.089/6025
_223
100 1 _aKirby, Rebecca,
_eauthor.
245 1 0 _aSmall animal emergency and critical care medicine /
_cRebecca Kirby, DVM, DACVIM, DACVECC, Gainesville, Florida, USA, Elke Rudloff, DVM, DACVECC, Lakeshore Veterinary Specialists, Glendale, Wisconsin, USA, Andrew K.J. Linklater DVM, DACVECC, Lakeshore Veterinary Specialists, Glendale, Wisconsin, USA.
250 _aSecond edition.
264 1 _aBoca Raton, FL :
_bCRC Press, Taylor & Francis Group,
_c[2015]
264 4 _c©2015
300 _aviii, 246 pages :
_billustrations (chiefly color) ;
_c21 cm
336 _atext
_btxt
_2rdacontent
337 _aunmediated
_bn
_2rdamedia
338 _avolume
_bnc
_2rdacarrier
490 1 _aSelf-assessment color review
504 _aIncludes bibliographical references (page 237-238) and index.
590 _aroy
650 0 _aVeterinary emergencies
_vExaminations, questions, etc.
650 0 _aVeterinary critical care
_vExaminations, questions, etc.
650 0 _aVeterinary emergencies.
650 0 _aVeterinary critical care.
700 1 _aRudloff, Elke,
_eauthor.
700 1 _aLinklater, Andrew K. J.,
_eauthor.
830 0 _aSelf-assessment color review.
856 _uhttp://www.taylorfrancis.com/books/9780429159640
_yInstitutional Access by IP or Remote Access
942 _2ddc
_cE-BOOK
999 _c17385
_d17384